[Event "IECG CM.2000.0.00113"]
[Site "IECG email"]
[Date "2000.??.??"]
[Round "?"]
[White "Bergmann, Michael"]
[Black "Cherepanov, Andrew"]
[Result "1/2-1/2"]
[WhiteElo "2397"]
[BlackElo "2350"]
[PlyCount "47"]
[EventDate "2000.07.24"]
[EventType "tourn (corr)"]
[EventRounds "6"]
[SourceTitle "Corr 2008"]
[Source "ChessBase"]
[SourceDate "2008.06.24"]
[SourceVersion "1"]
[SourceVersionDate "2008.06.24"]
[SourceQuality "1"]

1. e4 c5 2. Nf3 Nc6 3. d4 cxd4 4. Nxd4 g6 5. c4 Nf6 6. Nc3 Nxd4 7. Qxd4 d6 8. Bg5 Bg7 9. Qd2 0-0 10. Bd3 Bd7 11. 0-0 a6 12. Rfe1 Rc8 13. Nd5 e6 14. Nxf6+ Bxf6 15. Be3 Bc6 16. Rac1 d5 17. exd5 exd5 18. c5 Re8 19. Bf4 Qd7 20. b3 Rxe1+ 21. Rxe1 Re8 22. Rxe8+ Qxe8 23. Bd6 Qe6 24. Qe3 1/2-1/2

[Event "IECG CM.2000.0.00113"]
[Site "IECG email"]
[Date "2000.??.??"]
[Round "?"]
[White "Cherepanov, Andrew"]
[Black "Efendiyev, Enver Mikhailovich"]
[Result "1/2-1/2"]
[WhiteElo "2350"]
[BlackElo "2323"]
[PlyCount "74"]
[EventDate "2000.07.24"]
[EventType "tourn (corr)"]
[EventRounds "6"]
[SourceTitle "Corr 2008"]
[Source "ChessBase"]
[SourceDate "2008.06.24"]
[SourceVersion "1"]
[SourceVersionDate "2008.06.24"]
[SourceQuality "1"]

1. Nf3 d5 2. g3 Nc6 3. d4 Bf5 4. Bg2 Nb4 5. Na3 e6 6. 0-0 Be7 7. Bf4 g5 8. Be3 g4 9. Nd2 h5 10. c3 Nc6 11. Qb3 Rb8 12. Bf4 Nf6 13. Nb5 Rc8 14. c4 a6 15. Nc3 b5 16. cxb5 Nxd4 17. Qa4 Nxb5 18. e4 Bg6 19. exd5 exd5 20. Qxa6 Nxc3 21. bxc3 c6 22. a4 0-0 23. a5 Nd7 24. c4 Bd3 25. Rfc1 Bf6 26. Ra2 Re8 27. Bf1 Bxf1 28. Rxf1 Be5 29. Bxe5 Nxe5 30. Qb6 dxc4 31. Qxd8 Rcxd8 32. Kg2 Rd4 33. Re1 f6 34. h3 c3 35. Nf1 Rb4 36. hxg4 Ra8 37. gxh5 Rb2 1/2-1/2